LEADER 01234nam a2200265 a 4500 001 000000166653 003 CaOOAMICUS 005 20180313154025.0 008 180313s1979 xxu 000 u eng r 032 $aLibriCat 040 $aPUL$bita 100 1 $aPokusa, Joseph William.$0(OLS)http://pul/name/52766 245 10$aA canonical-historical study of the diaconate in the western Church / $cJoseph William Pokusa. 260 $aWashington, D.C. :$bThe Catholic University of America,$c1979. 300 $aiv, 381 p. ;$c24 cm. 502 $aTesi : The Catholic University of America. Canon Law Studies. 1979. 504 $aBibliografia in nota a pič pagina. 650 04$aDiritto canonico.$0(OLS)http://pul/subject/1294 710 2 $aCatholic University of America.$kTesi.$0(OLS)http://pul/name/106692 850 $aPUL 852 $aPUL$W1$xDP1 Tesi Univ. Washington$y50$mTH WAS 497$j191149$qTesi$B194096$CPULBib$Z2$F194096 $H65075 $81 941 1 $a16 996 $6245$aA canonical-historical study of the diaconate in the western Church / $9(OLS)http://pul/title/206397 996 $6260$aWashington, D.C. :$bThe Catholic University of America$9(OLS)http://pul/publisher/62694 LEADER 01825nam a2200361 a 4500 001 000000151442 003 CaOOAMICUS 005 20160429093036.0 008 160429s2016 vc u000 u eng r 020 $a978-88-209-9787-8* 032 $aLibriCat 040 $aPUL$bita 082 04$a262.9 110 2 $aPapi (2013-2025 : Franciscus).$0(OLS)http://pul/name/86910 245 10$aPost-synodal apostolic exhortation Amoris laetitia of the Holy Father Francis to the bishops, priest and deacons consecrated persons christian married couples and all the lay faithful on love in the family. 246 34$aAmoris laetitia 260 $aCittā del Vaticano :$bLibreria editrice vaticana,$c2016. 300 $a297 p. ;$c17 cm. 490 1 $aMagistero di Francesco 504 $aBibliografia in nota. 610 24$aPapi (2013-2025 : Franciscus)$tAmoris laetitia.$0(OLS)http://pul/subject/43315 830 0$aMagistero di Francesco.$0(OLS)http://pul/title/172766 850 $aPUL 852 $aPUL$W1$xSL Diritto Canonico 3$y77$m262. 9 FRANC 4.2$j173996$qDDC 21$B176427$CPULBib$Z2$F176427 $H127658 $81 900 $aFranciscus PP.,$d1936-2025$986910 900 $aFranciscus PP.,$d1936-2025$986910 941 1 $a9 996 $6020$a978-88-209-9787-8*$9(OLS)http://pul/number/160310 996 $6082$a262.9$9(OLS)http://pul/classification/369 996 $6245$aPost-synodal apostolic exhortation Amoris laetitia of the Holy Father Francis to the bishops, priest and deacons consecrated persons christian married couples and all the lay faithful on love in the family$9(OLS)http://pul/title/190696 996 $6246$aAmoris laetitia$9(OLS)http://pul/title/190566 996 $6260$aCittā del Vaticano :$bLibreria editrice vaticana$9(OLS)http://pul/publisher/47920